Petr Dillinger /

Hlavní autor: Dillinger, Petr, 1899-1954
Další autoři: Svrček, Jaroslav B., 1887-1978
Jazyk: Čeština
Vydáno: Brno, [1955?]
Fyzický popis: 1 nestránkovaný svazek.
Knihy
Uloženo v:
LEADER 00586nam a22001812a 4500
001 000469308
003 CZ BrMZK
005 20000105143423.0
008 000105s1955 xr f cze d
040 |a BOA001  |b cze 
100 1 |a Dillinger, Petr,  |d 1899-1954  |7 jk01022278 
245 1 0 |a Petr Dillinger /  |c [text] J.B. Svrček. 
260 |a Brno,  |c [1955?] 
300 |a 1 nestránkovaný svazek. 
700 1 |a Svrček, Jaroslav B.,  |d 1887-1978  |7 jk01122152 
910 |a BOA001  |b X-0671.085 
990 |a BK 
996 6 |b 2619754503  |c X-0671.085  |l MZK  |r Sklad / do 24 hodin  |n 7  |w 000469308  |u 000010  |a 1  |e BOA001  |j MZK50  |s P